000 00535nam a2200193Ia 4500
005 20260429112033.0
008 260429s9999||||xx |||||||||||||| ||und||
020 _a9781804893098
041 _aEnglish
082 _a647.94
_bQUI
100 _aQuinn, Vera
245 0 _aBar and beverage management /
_cVera Quinn
260 _aUnited Kingdom :
_bBrilliant Publication Ltd. ,
_c2025.
300 _ax, 296 p.; hb
650 _a Beverage services
650 _a Hotel management
650 _aHospitality management
942 _cTB
999 _c52018
_d52018